[Event "MVP-ch Seniors op 18th"]
[Site "Ostseebad Binz"]
[Date "2018.12.06"]
[Round "9"]
[White "Ophoff, Rigobert"]
[Black "Lehmann, Erwin"]
[Result "0-1"]
[WhiteElo "1884"]
[BlackElo "1997"]
[PlyCount "60"]
[EventDate "2018.11.28"]
[EventType "swiss"]
[EventRounds "9"]
[EventCountry "GER"]
[SourceTitle "CBM 188 Extra"]
[Source "ChessBase"]
[SourceDate "2019.02.26"]
[SourceVersion "1"]
[SourceVersionDate "2019.02.26"]
[SourceQuality "1"]

1. d4 f5 2. g3 Nf6 3. Bg2 e6 4. Nf3 d5 5. 0-0 Bd6 6. c4 c6 7. b3 Qe7 8. Bb2 0-0 9. Nbd2 b6 10. Ne5 Ne4 11. Rc1 Bb7 12. e3 c5 13. Ndf3 a5 14. Nd3 Nd7 15. Nfe5 Rad8 16. Nxd7 Rxd7 17. Qe2 g6 18. Rc2 a4 19. Rfc1 Ra8 20. cxd5 Bxd5 21. f3 axb3 22. fxe4 fxe4 23. Nf2 bxc2 24. Bxe4 Rxa2 25. Qxc2 c4 26. Nd1 b5 27. Qb1 Rda7 28. Nc3 Bxe4 29. Nxe4 Rxb2 30. Qxb2 Ba3 0-1

[Event "Schleswig Holstein-ch Seniors op 11th"]
[Site "Buesum"]
[Date "2017.09.11"]
[Round "4"]
[White "Lehmann, Erwin"]
[Black "Schumacher, Helmut"]
[Result "1/2-1/2"]
[WhiteElo "2015"]
[BlackElo "1890"]
[PlyCount "104"]
[EventDate "2017.09.08"]
[EventType "swiss"]
[EventRounds "9"]
[EventCountry "GER"]
[SourceTitle "EXT 2019"]
[Source "ChessBase"]
[SourceDate "2018.10.10"]
[SourceVersion "1"]
[SourceVersionDate "2018.10.10"]
[SourceQuality "1"]

1. c4 c6 2. g3 d5 3. Nf3 Bf5 4. Qb3 Qb6 5. Nc3 e6 6. cxd5 exd5 7. Qxb6 axb6 8. Bg2 Nf6 9. d3 h6 10. 0-0 Be7 11. Bf4 Nbd7 12. Rfe1 0-0 13. e4 dxe4 14. dxe4 Be6 15. Nd4 Bc5 16. Nxe6 fxe6 17. Rad1 e5 18. Be3 Rad8 19. Bh3 Bxe3 20. Rxe3 Nc5 21. f3 Rd4 22. Kf1 Nfxe4 23. Ke2 Nxc3+ 24. Rxc3 Rfd8 25. Rxd4 exd4 26. Rc4 Kf7 27. Bf5 Kf6 28. Bb1 Ke5 29. a4 g5 30. Kd2 Nb3+ 31. Kd3 c5 32. Ba2 Na5 33. Rc1 Rf8 34. Re1+ Kd6 35. Re6+ Kc7 36. Ke4 Nc6 37. Rxh6 Re8+ 38. Re6 Rxe6+ 39. Bxe6 Kd6 40. Bc4 Ne5 41. b3 Nxc4 42. bxc4 Ke6 43. h4 gxh4 44. gxh4 Kf6 45. f4 Kg6 46. Kd3 Kf5 47. h5 Kf6 48. Ke4 Kf7 49. f5 Kg7 50. Kf4 Kf7 51. h6 Kf6 52. Ke4 Kf7 1/2-1/2

[Event "MVP-ch Seniors op 16th"]
[Site "Binz"]
[Date "2016.11.27"]
[Round "5.21"]
[White "Lehmann, Erwin"]
[Black "Bussler, Juergen"]
[Result "1/2-1/2"]
[WhiteElo "2035"]
[BlackElo "1940"]
[PlyCount "46"]
[EventDate "2016.11.23"]
[EventType "swiss"]
[EventRounds "9"]
[EventCountry "GER"]
[SourceTitle "EXT 2018"]
[Source "ChessBase"]
[SourceDate "2017.10.13"]
[SourceVersion "1"]
[SourceVersionDate "2017.10.13"]
[SourceQuality "1"]

1. c4 Nf6 2. g3 e6 3. Bg2 d5 4. Nf3 c6 5. 0-0 Nbd7 6. b3 Be7 7. Bb2 Qb6 8. Qc2 0-0 9. d4 Ne4 10. Nfd2 Nxd2 11. Nxd2 Bf6 12. cxd5 exd5 13. Qd3 Re8 14. e4 dxe4 15. Nxe4 Qd8 16. Rfd1 Nb6 17. b4 Bf5 18. b5 Na4 19. Ba3 Bxe4 20. Bxe4 Rxe4 21. Qxe4 Nc3 22. Qf3 Nxd1 23. Rxd1 Qd5 1/2-1/2

[Event "Schleswig Holstein-ch Seniors op 10th"]
[Site "Buesum"]
[Date "2016.10.04"]
[Round "9"]
[White "Lehmann, Erwin"]
[Black "Duijker, Bert"]
[Result "1-0"]
[WhiteElo "2038"]
[BlackElo "1918"]
[PlyCount "93"]
[EventDate "2016.09.26"]
[EventType "swiss"]
[EventRounds "9"]
[EventCountry "GER"]
[SourceTitle "EXT 2019"]
[Source "ChessBase"]
[SourceDate "2018.10.10"]
[SourceVersion "1"]
[SourceVersionDate "2018.10.10"]
[SourceQuality "1"]

1. c4 d6 2. g3 g6 3. Bg2 Bg7 4. Nc3 Nf6 5. e4 0-0 6. Nge2 e5 7. 0-0 Nc6 8. d3 h6 9. Rb1 a5 10. b3 Ne7 11. Nd5 Nh7 12. Be3 c6 13. Nb6 Ra6 14. Nxc8 Qxc8 15. f4 f5 16. Qd2 h5 17. Nc3 Nf6 18. h3 Nd7 19. d4 Rd8 20. fxe5 dxe5 21. d5 Nf6 22. Bg5 cxd5 23. exd5 e4 24. Rbc1 Nc6 25. Bxf6 Bxf6 26. Nxe4 Bd4+ 27. Nf2 Bg7 28. Rfe1 Nd4 29. Re3 Bf6 30. Ree1 Qc5 31. Qe3 Qf8 32. c5 Raa8 33. d6 Nc6 34. Bd5+ Kg7 35. Kf1 Re8 36. Qd2 Be5 37. Kg2 f4 38. g4 f3+ 39. Bxf3 Bf4 40. Qc3+ Be5 41. Qc4 Bb2 42. Rcd1 Ne5 43. Qd5 Nc6 44. gxh5 Re5 45. Rxe5 Bxe5 46. Ng4 Re8 47. d7 1-0

[Event "Schleswig Holstein-ch Seniors op 10th"]
[Site "Buesum"]
[Date "2016.09.30"]
[Round "5"]
[White "Lehmann, Erwin"]
[Black "Plewka, Manfred"]
[Result "1-0"]
[WhiteElo "2038"]
[BlackElo "1936"]
[PlyCount "157"]
[EventDate "2016.09.26"]
[EventType "swiss"]
[EventRounds "9"]
[EventCountry "GER"]
[SourceTitle "EXT 2019"]
[Source "ChessBase"]
[SourceDate "2018.10.10"]
[SourceVersion "1"]
[SourceVersionDate "2018.10.10"]
[SourceQuality "1"]

1. c4 g6 2. g3 Bg7 3. Bg2 Nf6 4. Nc3 0-0 5. e4 c5 6. Nge2 Nc6 7. 0-0 d6 8. d3 a6 9. f4 e6 10. Rb1 Rb8 11. a3 Bd7 12. h3 b5 13. cxb5 axb5 14. b4 cxb4 15. axb4 Qb6+ 16. Kh2 Rfc8 17. Qd2 Ne8 18. Nd1 Rc7 19. Bb2 Nd4 20. Nxd4 Bxd4 21. e5 Rbc8 22. Bxd4 Qxd4 23. Qe3 dxe5 24. fxe5 Qxe3 25. Nxe3 Bc6 26. Rf4 Bxg2 27. Kxg2 Rd7 28. d4 h5 29. Kf2 g5 30. Re4 Rcd8 31. Nc2 Ng7 32. g4 h4 33. Ke2 Ne8 34. Kd3 Nc7 35. Na3 Ra8 36. Rb3 Ra4 37. Re1 Nd5 38. Nxb5 Nxb4+ 39. Ke4 Nc2 40. Rd1 Nxd4 41. Rxd4 Raxd4+ 42. Nxd4 Kg7 43. Rb6 Ra7 44. Nxe6+ fxe6 45. Rxe6 Rf7 46. Ra6 Rf4+ 47. Ke3 Rf1 48. Ra3 Kf7 49. Ke4 Kg6 50. Rf3 Re1+ 51. Kd5 Ra1 52. Rd3 Ra8 53. Ke6 Re8+ 54. Kd5 Rf8 55. Rc3 Rd8+ 56. Ke6 Rd1 57. Ke7 Re1 58. Rc6+ Kg7 59. e6 Re3 60. Kd7 Kf6 61. Rd6 Re2 62. Rd5 Re3 63. Rf5+ Kg6 64. e7 Rd3+ 65. Ke6 Re3+ 66. Re5 Rxe5+ 67. Kxe5 Kf7 68. e8Q+ Kxe8 69. Kf5 Kf8 70. Kxg5 Kg7 71. Kxh4 Kh6 72. g5+ Kg6 73. Kg4 Kg7 74. Kh5 Kh7 75. g6+ Kg7 76. Kg5 Kg8 77. Kh6 Kh8 78. g7+ Kg8 79. h4 1-0

[Event "MVP-ch Seniors op 15th"]
[Site "Binz"]
[Date "2015.12.02"]
[Round "9.34"]
[White "Schuetze, Manfred"]
[Black "Lehmann, Erwin"]
[Result "0-1"]
[WhiteElo "1707"]
[BlackElo "1842"]
[PlyCount "78"]
[EventDate "2015.11.24"]
[EventType "swiss"]
[EventRounds "9"]
[EventCountry "GER"]
[SourceTitle "EXT 2017"]
[Source "ChessBase"]
[SourceDate "2016.10.25"]
[SourceVersion "1"]
[SourceVersionDate "2016.10.25"]
[SourceQuality "1"]

1. e4 d5 2. exd5 Qxd5 3. Nc3 Qa5 4. d4 Nf6 5. Nf3 c6 6. Ne5 Bf5 7. Bd3 Bxd3 8. Qxd3 Nbd7 9. Nc4 Qc7 10. Qf3 Nd5 11. Nxd5 cxd5 12. Qxd5 e6 13. Qb5 a6 14. Qb3 Rc8 15. Ne3 Bd6 16. h3 0-0 17. 0-0 b5 18. Bd2 Nf6 19. Qd3 Rfd8 20. c3 Qc6 21. Rfe1 Bb8 22. Ng4 Nxg4 23. hxg4 e5 24. Be3 e4 25. Qe2 Qd6 26. g3 Qf6 27. Kg2 Qg6 28. Rh1 Rd5 29. Rh3 Rc6 30. Rah1 h6 31. Rh5 Rxh5 32. Rxh5 Rf6 33. Rd5 Bd6 34. g5 Rf3 35. gxh6 gxh6 36. Qd2 Bxg3 37. Kf1 Kh7 38. Ke1 Bf4 39. Bxf4 Qg1+ 0-1

[Event "MVP-ch Seniors op 15th"]
[Site "Binz"]
[Date "2015.12.01"]
[Round "8.15"]
[White "Lehmann, Erwin"]
[Black "Villing, Dieter"]
[Result "0-1"]
[WhiteElo "1842"]
[BlackElo "1970"]
[PlyCount "120"]
[EventDate "2015.11.24"]
[EventType "swiss"]
[EventRounds "9"]
[EventCountry "GER"]
[SourceTitle "EXT 2017"]
[Source "ChessBase"]
[SourceDate "2016.10.25"]
[SourceVersion "1"]
[SourceVersionDate "2016.10.25"]
[SourceQuality "1"]

1. c4 e5 2. g3 c6 3. d4 d6 4. Bg2 Be7 5. Nc3 Nd7 6. Nf3 Ngf6 7. Qc2 0-0 8. 0-0 Re8 9. Rd1 Bf8 10. Bg5 h6 11. Bxf6 Qxf6 12. Rd2 exd4 13. Rxd4 Ne5 14. Nxe5 dxe5 15. Rd2 Be6 16. Ne4 Qg6 17. c5 Bf5 18. Qc4 Rad8 19. Rad1 Rxd2 20. Rxd2 Be6 21. Qb4 b6 22. Qa4 Bd5 23. Nc3 Bxg2 24. Kxg2 Bxc5 25. Qxa7 e4 26. e3 Qf5 27. h3 Qf3+ 28. Kh2 g5 29. a3 Re6 30. Nd1 Kg7 31. Qd7 h5 32. b4 Be7 33. Qd4+ Bf6 34. Qxb6 h4 35. Qc5 Be5 36. Rd8 hxg3+ 37. Kg1 Qh5 38. Qf8+ Kg6 39. Rd7 Rf6 40. Qg8+ Kf5 41. fxg3 Bxg3 42. Rd2 Qxh3 43. Rg2 Qh4 44. Nf2 Rh6 45. Qxf7+ Rf6 46. Qe8 Be5 47. Rg4 Qh2+ 48. Kf1 Qh7 49. Rxe4 Qc7 50. Rxe5+ Qxe5 51. Qxe5+ Kxe5 52. Kg2 Rd6 53. a4 Rd2 54. Kf3 Ra2 55. a5 Ra3 56. Ke2 Kd5 57. e4+ Kd4 58. Kd2 Ra2+ 59. Ke1 Ke3 60. e5 Rxf2 0-1

[Event "MVP-ch Seniors op 15th"]
[Site "Binz"]
[Date "2015.11.26"]
[Round "3.12"]
[White "Schumacher, Gottfried"]
[Black "Lehmann, Erwin"]
[Result "1/2-1/2"]
[WhiteElo "2162"]
[BlackElo "1842"]
[PlyCount "98"]
[EventDate "2015.11.24"]
[EventType "swiss"]
[EventRounds "9"]
[EventCountry "GER"]
[SourceTitle "EXT 2017"]
[Source "ChessBase"]
[SourceDate "2016.10.25"]
[SourceVersion "1"]
[SourceVersionDate "2016.10.25"]
[SourceQuality "1"]

1. d4 d5 2. c4 e6 3. Nc3 Nf6 4. Bg5 Nbd7 5. e3 c6 6. Bd3 Qa5 7. Bh4 dxc4 8. Bxc4 Be7 9. Nf3 b5 10. Bb3 Qb6 11. 0-0 Bb7 12. e4 c5 13. d5 c4 14. Bc2 Bb4 15. a4 Bxc3 16. bxc3 exd5 17. exd5 0-0 18. axb5 Qxb5 19. d6 Qd5 20. Qd4 a5 21. Ba4 Bc6 22. Qxd5 Bxd5 23. Nd4 Nc5 24. f3 Rfb8 25. Nf5 Nxa4 26. Ne7+ Kf8 27. Bxf6 Nb6 28. Bd4 Be6 29. Nc6 Rc8 30. Nxa5 Nd7 31. Nc6 f6 32. Nb4 Kf7 33. Rfe1 Rxa1 34. Rxa1 Bf5 35. g4 Bd3 36. Kf2 Ke6 37. Ra6 Nc5 38. Ra7 Kxd6 39. Rxg7 Ke6 40. Rxh7 Bxh7 41. f4 Bd3 42. h4 Rh8 43. h5 Rh7 44. Bxc5 f5 45. gxf5+ Bxf5 46. Ke3 Bg4 47. Kd4 Be2 48. Ba7 Rxh5 49. Bb8 Rh3 1/2-1/2

[Event "MVP-ch Seniors op 15th"]
[Site "Binz"]
[Date "2015.11.25"]
[Round "2.46"]
[White "Lehmann, Erwin"]
[Black "Mayeres, Hans Christian"]
[Result "1-0"]
[WhiteElo "1842"]
[BlackElo "1613"]
[PlyCount "71"]
[EventDate "2015.11.24"]
[EventType "swiss"]
[EventRounds "9"]
[EventCountry "GER"]
[SourceTitle "EXT 2017"]
[Source "ChessBase"]
[SourceDate "2016.10.25"]
[SourceVersion "1"]
[SourceVersionDate "2016.10.25"]
[SourceQuality "1"]

1. c4 Nf6 2. g3 c5 3. Bg2 Nc6 4. Nc3 g6 5. Nf3 Bg7 6. d4 cxd4 7. Nxd4 0-0 8. 0-0 Ng4 9. e3 Nge5 10. b3 d6 11. Bb2 Bg4 12. f3 Bd7 13. Qe2 a6 14. Rac1 Re8 15. Rfd1 Rb8 16. h3 Na7 17. Kh2 b5 18. f4 b4 19. Ne4 Nec6 20. Nf3 Bf5 21. Nf2 Qa5 22. Bxg7 Kxg7 23. e4 Be6 24. Ng5 Nd8 25. Nxe6+ Nxe6 26. Rd5 Qb6 27. e5 dxe5 28. Qxe5+ Kg8 29. c5 Qa5 30. Rc2 Nc6 31. Qa1 Qc7 32. Ng4 Ncd4 33. Rxd4 Nxd4 34. Qxd4 f6 35. Qc4+ Kg7 36. Qxa6 1-0

[Event "Schleswig Holstein-ch Seniors op 9th"]
[Site "Buesum"]
[Date "2015.10.07"]
[Round "9"]
[White "Achenbach, Manfred"]
[Black "Lehmann, Erwin"]
[Result "1/2-1/2"]
[WhiteElo "2094"]
[BlackElo "2001"]
[PlyCount "105"]
[EventDate "2015.09.28"]
[EventType "swiss"]
[EventRounds "9"]
[EventCountry "GER"]
[SourceTitle "EXT 2018"]
[Source "ChessBase"]
[SourceDate "2017.10.13"]
[SourceVersion "1"]
[SourceVersionDate "2017.10.13"]
[SourceQuality "1"]

1. Nf3 c5 2. g3 Nc6 3. Bg2 g6 4. d4 cxd4 5. Nxd4 Bg7 6. Nb3 Nf6 7. 0-0 b6 8. e4 0-0 9. Nc3 Bb7 10. Qe2 d6 11. Be3 Nd7 12. f4 a5 13. Qf2 a4 14. Nd4 Rc8 15. a3 Nxd4 16. Bxd4 Rc4 17. Bxg7 Kxg7 18. Rad1 Qa8 19. Rfe1 Nc5 20. Rd4 Rxd4 21. Qxd4+ f6 22. Nd5 Bxd5 23. exd5 Kf7 24. Qb4 Qb7 25. Qd4 Rc8 26. h4 h5 27. Re2 f5 28. Qe3 Qa7 29. b4 axb3 30. cxb3 Rc7 31. a4 Qa5 32. Qd4 Rc8 33. Kh2 Nxb3 34. Qe3 Rc7 35. Qxb3 Rc3 36. Qb1 Ra3 37. Qb2 Qxa4 38. Qh8 Qe8 39. Qh7+ Kf8 40. Qh6+ Kf7 41. Qh7+ Kf8 42. Rc2 Ra8 43. Qh8+ Kf7 44. Qd4 Rb8 45. Rc6 b5 46. Qb4 Qd7 47. Bf1 Qa7 48. Rc2 Qe3 49. Bg2 Ra8 50. Qb2 Ra3 51. Re2 Qxg3+ 52. Kg1 Ra8 53. Rxe7+ 1/2-1/2

[Event "Schleswig Holstein-ch Seniors op 9th"]
[Site "Buesum"]
[Date "2015.10.04"]
[Round "6"]
[White "Lehmann, Erwin"]
[Black "Lueders, Guenter"]
[Result "1-0"]
[WhiteElo "2001"]
[BlackElo "1796"]
[PlyCount "81"]
[EventDate "2015.09.28"]
[EventType "swiss"]
[EventRounds "9"]
[EventCountry "GER"]
[SourceTitle "EXT 2018"]
[Source "ChessBase"]
[SourceDate "2017.10.13"]
[SourceVersion "1"]
[SourceVersionDate "2017.10.13"]
[SourceQuality "1"]

1. c4 c5 2. g3 g6 3. Bg2 Bg7 4. Nc3 Nc6 5. Nf3 Nf6 6. d4 cxd4 7. Nxd4 a6 8. 0-0 0-0 9. Nc2 d6 10. Bg5 Qa5 11. Qd2 Re8 12. a3 Ng4 13. Nd5 Qd8 14. h3 Nge5 15. b3 Nd7 16. Rab1 Nb6 17. Kh2 Rb8 18. Be3 Nxd5 19. cxd5 Ne5 20. Ba7 Ra8 21. Bd4 Nd7 22. Bxg7 Kxg7 23. e4 Nf6 24. Qd4 Kg8 25. Ne3 Bd7 26. f4 h5 27. e5 Nh7 28. e6 Bb5 29. exf7+ Kxf7 30. Rf2 Rc8 31. a4 Bd7 32. Be4 Nf6 33. Bd3 Rc7 34. Ng2 Qc8 35. Nh4 Rg8 36. Nf3 Ke8 37. Re1 Bxh3 38. Qxf6 Bf5 39. Bxf5 gxf5 40. Qxd6 Kf8 41. Qh6+ 1-0

[Event "Schleswig Holstein-ch Seniors op 9th"]
[Site "Buesum"]
[Date "2015.10.01"]
[Round "4"]
[White "Lehmann, Erwin"]
[Black "Weidlich, Guenter"]
[Result "0-1"]
[WhiteElo "2001"]
[BlackElo "2197"]
[PlyCount "86"]
[EventDate "2015.09.28"]
[EventType "swiss"]
[EventRounds "9"]
[EventCountry "GER"]
[SourceTitle "EXT 2018"]
[Source "ChessBase"]
[SourceDate "2017.10.13"]
[SourceVersion "1"]
[SourceVersionDate "2017.10.13"]
[SourceQuality "1"]

1. c4 Nf6 2. g3 c6 3. Bg2 d5 4. Nf3 Bf5 5. cxd5 cxd5 6. Nc3 Nc6 7. Qb3 Qd7 8. 0-0 e6 9. d3 Be7 10. Bf4 0-0 11. Rac1 Bg4 12. e4 Bxf3 13. Bxf3 Nd4 14. Qd1 Nxf3+ 15. Qxf3 Rfc8 16. e5 Ne8 17. d4 a6 18. Qd3 b5 19. Bd2 Qb7 20. f4 g6 21. g4 Ng7 22. Rce1 Qd7 23. Re3 f5 24. g5 Ra7 25. Ne2 Rac7 26. Rh3 Bf8 27. Rh4 Ne8 28. Rf3 Qc6 29. Ba5 Rb7 30. Rf2 b4 31. a3 bxa3 32. bxa3 Qc4 33. Rh3 Rb5 34. Bd2 Rb2 35. Qxc4 dxc4 36. Bc1 Rb1 37. Rf1 Nc7 38. Nc3 Rb3 39. a4 Bb4 40. Rff3 Bxc3 41. Rxc3 Rxc3 42. Rxc3 Nd5 43. Rc2 c3 0-1

[Event "GER-chA Seniors 27th"]
[Site "Magdeburg"]
[Date "2015.08.16"]
[Round "2"]
[White "Lehmann, Erwin"]
[Black "Salov, Sergej"]
[Result "0-1"]
[WhiteElo "2012"]
[BlackElo "2267"]
[PlyCount "56"]
[EventDate "2015.08.15"]
[EventType "swiss"]
[EventRounds "9"]
[EventCountry "GER"]
[SourceTitle "EXT 2018"]
[Source "ChessBase"]
[SourceDate "2017.10.13"]
[SourceVersion "1"]
[SourceVersionDate "2017.10.13"]
[SourceQuality "1"]

1. c4 e5 2. g3 Nf6 3. Bg2 d5 4. cxd5 Nxd5 5. Nc3 Nb6 6. Nf3 Nc6 7. 0-0 Be7 8. d3 0-0 9. Be3 Bg4 10. a3 f5 11. b4 Bf6 12. Bc5 Re8 13. Nd2 Rb8 14. Rc1 Nd4 15. f3 Bh5 16. e3 Ne6 17. Nb3 Bf7 18. d4 Nxc5 19. bxc5 Nc4 20. dxe5 Nxe3 21. Qxd8 Bxd8 22. Nd4 Nxf1 23. e6 Bxe6 24. Nxe6 Rxe6 25. Kxf1 c6 26. Ne2 Bf6 27. f4 Rbe8 28. Bf3 Re3 0-1

[Event "MVP-ch Seniors op 14th"]
[Site "Binz"]
[Date "2014.11.27"]
[Round "3"]
[White "Szenetra, Werner"]
[Black "Lehmann, Erwin"]
[Result "1-0"]
[WhiteElo "2089"]
[BlackElo "1847"]
[PlyCount "67"]
[EventDate "2014.11.25"]
[EventType "swiss"]
[EventRounds "9"]
[EventCountry "GER"]
[SourceTitle "EXT 2016"]
[Source "ChessBase"]
[SourceDate "2015.10.08"]
[SourceVersion "1"]
[SourceVersionDate "2015.10.08"]
[SourceQuality "1"]

1. Nf3 c5 2. g3 Nc6 3. Bg2 g6 4. 0-0 Bg7 5. d3 e5 6. e4 Nge7 7. c3 0-0 8. Be3 d6 9. a3 a5 10. a4 h6 11. Nfd2 Be6 12. Na3 f5 13. f4 b6 14. Qe2 Ra7 15. Nb5 Rd7 16. Rad1 Kh7 17. Nf3 Bb3 18. Ra1 Be6 19. exf5 gxf5 20. Nh4 Nd5 21. Qh5 Nce7 22. Bd2 Nf6 23. Qe2 Qb8 24. Rae1 Nfd5 25. d4 e4 26. c4 Nb4 27. d5 Bf7 28. Bc3 Qe8 29. Nxf5 Nxf5 30. Bxe4 Bg6 31. Bxf5 Rxf5 32. Qxe8 Bxe8 33. Rxe8 Bxc3 34. bxc3 1-0

[Event "MVP-ch Seniors op 13th"]
[Site "Binz"]
[Date "2013.12.01"]
[Round "5"]
[White "Lehmann, Erwin"]
[Black "Burckhardt, Karl"]
[Result "1/2-1/2"]
[WhiteElo "1881"]
[BlackElo "1744"]
[PlyCount "62"]
[EventDate "2013.11.27"]
[EventType "swiss"]
[EventRounds "9"]
[EventCountry "GER"]
[SourceTitle "EXT 2015"]
[Source "ChessBase"]
[SourceDate "2014.11.20"]
[SourceVersion "1"]
[SourceVersionDate "2014.11.20"]
[SourceQuality "1"]

1. c4 f5 2. g3 Nf6 3. Bg2 e6 4. e3 d5 5. Ne2 Be7 6. 0-0 0-0 7. b3 e5 8. cxd5 Nxd5 9. Bb2 Bf6 10. d4 e4 11. Ba3 Be7 12. Bxe7 Qxe7 13. a3 Be6 14. Nbc3 c6 15. Qd2 Nd7 16. Nxd5 Bxd5 17. Qc3 g5 18. f4 g4 19. h4 gxh3 20. Bxh3 h5 21. Rf2 Qe6 22. Rh2 Nf6 23. Rb1 Kf7 24. a4 Rh8 25. a5 Ng4 26. Bxg4 hxg4 27. Rg2 Rh7 28. Qb4 Rah8 29. Kf2 Qe7 30. Qc5 Qxc5 31. dxc5 Rh1 1/2-1/2